Central Library OPAC University of Rajshahi

Developing distance education : (Record no. 60420)

MARC details
000 -LEADER
fixed length control field 00930nam a2200265 a 4500
001 - CONTROL NUMBER
control field 60420
003 - CONTROL NUMBER IDENTIFIER
rucl marc code BD-RjUL
005 - DATE AND TIME OF LATEST TRANSACTION
control field 20211209080834.0
008 - FIXED-LENGTH DATA ELEMENTS--GENERAL INFORMATION
fixed length control field 161231s1988 sw b 100 0 eng d
020 ## - INTERNATIONAL STANDARD BOOK NUMBER
International Standard Book Number 8250810112
035 ## - SYSTEM CONTROL NUMBER
System control number (BD-RjUL)60544
040 ## - CATALOGING SOURCE
Original cataloging agency DLC
Language of cataloging eng
Transcribing agency DLC
Modifying agency LC
-- ANL
-- BD-RjUL
041 ## - LANGUAGE CODE
Language code of text/sound track or separate title eng
082 00 - DEWEY DECIMAL CLASSIFICATION NUMBER
Classification number 374.4
Edition number 23
Author mark and year SED 1988
100 1# - MAIN ENTRY--PERSONAL NAME
Personal name Sewart, David
9 (RLIN) 179734
245 10 - TITLE STATEMENT
Title Developing distance education :
Remainder of title papers submitted to the 14th World Conference in Oslo 9-16 August 1988 /
Statement of responsibility, etc. David Sewart, John S. Daniel.
260 ## - PUBLICATION, DISTRIBUTION, ETC. (IMPRINT)
Place of publication, distribution, etc. Oslo :
Name of publisher, distributor, etc. International Council for Distance Education,
Date of publication, distribution, etc. c1988.
300 ## - PHYSICAL DESCRIPTION
Pagination 458 p. ;
Size 30 cm.
504 ## - BIBLIOGRAPHY, ETC. NOTE
Bibliography, etc Includes bibliographical references.
650 #0 - SUBJECT ADDED ENTRY--TOPICAL TERM
Topical term or geographic name as entry element Distance education
Form subdivision Congresses.
9 (RLIN) 179810
700 1# - ADDED ENTRY--PERSONAL NAME
Personal name Daniel, John S.,
Dates associated with a name 1942-
Personal name Sewart, David.
710 2# - ADDED ENTRY--CORPORATE NAME
Corporate name or jurisdiction name as entry element International Council for Distance Education.
9 (RLIN) 179812
942 ## - ADDED ENTRY ELEMENTS (KOHA)
Source of classification or shelving scheme Dewey Decimal Classification
Koha item type Books
Holdings
Lost status Source of classification or shelving scheme Damaged status Not for loan Collection code Permanent Location Current Location Shelving location Date acquired Source of acquisition Total Checkouts Full call number Date last seen Copy number Koha item type
  Dewey Decimal Classification   Not For Loan Non-fiction Central Library, University of Rajshahi Central Library, University of Rajshahi Reading Room 13/01/2009 RUCL, Rajshahi   374.4 SED 1988 31/12/2016 C-1 Books